[Event "XXXIX Benasque Open 2019"]
[Site "Benasque"]
[Date "2019.07.05"]
[Round "2.2"]
[White "Hovhannisyan, Robert"]
[Black "Jimenez Lopez, Antonio"]
[Result "1-0"]
[WhiteElo "2640"]
[BlackElo "2206"]
[Annotator "TA"]
[PlyCount "85"]
[EventDate "2019.07.04"]
[EventType "swiss"]
[EventCountry "ESP"]
[SourceTitle "playchess.com"]
[Source "ChessBase"]
[SourceQuality "1"]

{[%evp 22,85,35,25,25,10,20,26,21,26,43,40,42,33,35,31,48,51,81,75,86,93,89,86,120,115,140,129,135,132,129,110,121,121,210,208,206,190,205,205,202,201,246,224,279,213,210,214,207,210,212,210,217,211,245,225,274,280,380,366,433,439,512,507,558,549]} 1. e4 c5 2. Nf3 e6 3. d4 cxd4 4. Nxd4 Nf6 5. Nc3 Nc6 6. Ndb5 Bb4 7. a3 Bxc3+ 8. Nxc3 d5 9. Bd3 dxe4 10. Nxe4 Nxe4 11. Bxe4 Qxd1+ 12. Kxd1 e5 {B45: Sicilian Four Knights} 13. Be3 (13. Re1 f6 14. Be3 Be6 15. Kc1 Kf7 16. f4 exf4 17. Bxf4 Rhd8 18. b3 {½-½ (18) Smirnov,P (2576)-Yudin,S (2513) Khanty-Mansiysk 2017}) 13... Be6 14. Bxc6+ bxc6 {White has an edge.} 15. Kc1 $146 ({Predecessor:} 15. b3 O-O-O+ 16. Ke2 Kb7 17. Rhd1 {½-½ (17) Kaimer,T (2261)-Mueske,M (2187) Germany 2002}) 15... Kd7 16. Re1 Bd5 17. f3 f6 18. b3 Kc7 19. f4 e4 20. f5 Rhe8 21. Kb2 a5 22. a4 g6 23. Rf1 Rg8 24. fxg6 Rxg6 25. g3 Be6 26. Rf4 f5 27. Rh4 Bg8 (27... Rg7 $16 {was necessary.} 28. Rd1 Re8) 28. Rf1 $18 Rf8 {[#]} 29. Rxe4 $1 {[%mdl 512] aiming for Re7+.} Re6 (29... fxe4 30. Rxf8) 30. Rxe6 Bxe6 {[%mdl 4096] Endgame KRB-KRB} 31. Re1 Bd5 32. Bd2 Kd7 33. Rf1 Re8 34. Rf2 Be4 35. Bxa5 c5 36. Rf4 h5 37. Rh4 Bf3 38. Rc4 Kd6 39. Bb6 Re2 40. Bxc5+ Kd5 41. Rc3 {White is clearly winning.} Be4 42. h4 Rh2 43. Be3 {Accuracy: White = 96%, Black = 34%.} 1-0

[Event "XXXIX Benasque Open 2019"]
[Site "Benasque"]
[Date "2019.07.05"]
[Round "2.3"]
[White "Banusz, Tamas"]
[Black "Cortes Lizano, Jesus"]
[Result "1/2-1/2"]
[WhiteElo "2626"]
[BlackElo "2202"]
[Annotator "RC"]
[PlyCount "178"]
[EventDate "2019.07.04"]
[EventType "swiss"]
[EventCountry "ESP"]
[SourceTitle "playchess.com"]
[Source "ChessBase"]
[SourceQuality "1"]
[TimeControl "5400+30"]

1. Nf3 {[%emt 0:00:00]} g6 {[%emt 0:00:31]} 2. d4 {[%emt 0:00:28]} Bg7 {[%emt 0:00:11]} 3. c4 {[%emt 0:00:07]} d6 {[%emt 0:00:49]} 4. g3 {[%emt 0:01:00]} Nd7 {[%emt 0:01:04]} 5. Bg2 {[%emt 0:00:29]} e5 {[%emt 0:00:58]} 6. O-O {[%emt 0:00:39]} Ne7 {[%emt 0:00:40]} 7. Nc3 {[%emt 0:00:07]} O-O {[%emt 0:00:15]} 8. e4 {[%emt 0:00:41]} exd4 {[%emt 0:01:07]} 9. Nxd4 {[%emt 0:00:06]} Nc6 {[%emt 0:00:05]} 10. Nde2 {[%emt 0:00:17]} Nc5 {[%emt 0:00:24]} 11. Be3 {[%emt 0:02:16]} a5 {[%emt 0:00:13]} 12. Qc2 {[%emt 0:08:25]} f5 {[%emt 0:02:36]} 13. Rad1 {[%emt 0:02:41]} Qe8 {[%emt 0:01:16]} 14. Nb5 {[%emt 0:06:08]} Qf7 {[%emt 0:03:24]} 15. Nec3 {[%emt 0:09:29]} fxe4 {[%emt 0:09:03]} 16. Bxc5 {[%emt 0:04:22]} dxc5 {[%emt 0:00:06]} 17. Bxe4 {[%emt 0:00:10]} Nd4 {[%emt 0:05:30]} 18. Nxd4 {[%emt 0:00:08]} Bxd4 {[%emt 0:08:29]} 19. Nb5 {[%emt 0:01:00]} Qg7 {[%emt 0:00:07]} 20. Nxd4 {[%emt 0:00:56]} cxd4 {[%emt 0:00:07]} 21. c5 {[%emt 0:01:13]} Be6 {[%emt 0:06:20]} 22. Bxb7 {[%emt 0:03:21]} Rab8 {[%emt 0:02:28]} 23. Qe4 {[%emt 0:01:05]} Bxa2 {[%emt 0:00:28]} 24. Bd5+ {[%emt 0:10:39]} Bxd5 {[%emt 0:00:11]} 25. Qxd5+ {[%emt 0:00:01]} Kh8 26. Rd2 Rfd8 27. Qe4 {[%emt 0:05:26]} Qf6 {[%emt 0:20:26]} 28. Qd3 {[%emt 0:08:17]} Qe6 {[%emt 0:02:13]} 29. Qa3 {[%emt 0:00:44]} Rb5 {[%emt 0:01:03]} 30. Rfd1 {[%emt 0:04:02]} Qe5 {[%emt 0:01:10]} 31. c6 {[%emt 0:00:48]} Rbd5 {[%emt 0:00:15]} 32. Qd3 {[%emt 0:02:58]} Qf6 {[%emt 0:02:29]} 33. Qc4 {[%emt 0:01:02]} Kg7 {[%emt 0:03:29]} 34. Rd3 {[%emt 0:02:05]} h5 {[%emt 0:00:13]} 35. h4 {[%emt 0:00:10]} Qe5 {[%emt 0:01:01]} 36. Rf3 {[%emt 0:00:41]} Rf8 {[%emt 0:01:18]} 37. Rfd3 {[%emt 0:02:43]} Rfd8 {[%emt 0:00:20]} 38. Qa6 {[%emt 0:00:31]} Rc5 {[%emt 0:05:28]} 39. Qb7 {[%emt 0:04:18]} Kh6 {[%emt 0:03:29]} 40. R3d2 {[%emt 0:03:53]} Rb5 {[%emt 0:01:49]} 41. Qa7 {[%emt 0:00:08]} Rb6 {[%emt 0:00:44]} 42. Kh2 {[%emt 0:02:05]} Rxc6 {[%emt 0:04:43]} 43. Rxd4 {[%emt 0:01:37]} Rxd4 {[%emt 0:00:05]} 44. Rxd4 {[%emt 0:02:56]} Rc1 {[%emt 0:00:49]} 45. Ra4 {[%emt 0:04:25]} Qe1 {[%emt 0:02:50]} 46. Qe3+ {[%emt 0:00:07]} Qxe3 {[%emt 0:00:04]} 47. fxe3 {[%emt 0:00:02]} Rc2+ {[%emt 0:00:19]} 48. Kh3 {[%emt 0:00:08]} Rxb2 {[%emt 0:00:48]} 49. Rxa5 {[%emt 0:00:05]} Rb3 {[%emt 0:05:48]} 50. Re5 {[%emt 0:00:16]} Kg7 {[%emt 0:00:29]} 51. Kg2 {[%emt 0:00:39]} Kf6 {[%emt 0:00:31]} 52. Re8 {[%emt 0:00:05]} Kf7 {[%emt 0:01:18]} 53. Re4 {[%emt 0:00:04]} Rc3 {[%emt 0:00:36]} 54. Kf3 {[%emt 0:00:35]} Rc5 {[%emt 0:00:48]} 55. Ra4 {[%emt 0:00:29]} Rc1 {[%emt 0:00:51]} 56. Ra6 {[%emt 0:02:11]} Rf1+ {[%emt 0:01:02]} 57. Ke4 {[%emt 0:00:17]} Rg1 {[%emt 0:00:34]} 58. Kf3 {[%emt 0:02:12]} Rf1+ {[%emt 0:00:10]} 59. Ke2 {[%emt 0:00:05]} Rg1 {[%emt 0:00:26]} 60. Kf2 {[%emt 0:00:06]} Rc1 {[%emt 0:00:06]} 61. Kg2 {[%emt 0:00:23]} Rc3 {[%emt 0:00:37]} 62. Kf3 {[%emt 0:00:09]} Rc1 {[%emt 0:00:23]} 63. e4 {[%emt 0:00:00]} Rf1+ {[%emt 0:00:31]} 64. Ke3 {[%emt 0:00:00]} Rg1 {[%emt 0:00:44]} 65. Kf4 {[%emt 0:00:00]} Rf1+ {[%emt 0:00:28]} 66. Ke5 {[%emt 0:00:00]} Rc1 {[%emt 0:00:32]} 67. Rf6+ {[%emt 0:00:04]} Kg7 {[%emt 0:00:06]} 68. Rf3 {[%emt 0:00:05]} Rc6 {[%emt 0:01:01]} 69. Rd3 {[%emt 0:00:05]} Kh6 {[%emt 0:00:39]} 70. Rd7 {[%emt 0:00:39]} g5 {[%emt 0:01:57]} 71. Kf5 {[%emt 0:00:13]} gxh4 {[%emt 0:00:41]} 72. gxh4 {[%emt 0:00:02]} Rc1 {[%emt 0:00:18]} 73. e5 {[%emt 0:00:38]} Rf1+ {[%emt 0:00:17]} 74. Ke6 {[%emt 0:00:22]} Rf4 {[%emt 0:00:21]} 75. Rd5 {[%emt 0:04:35]} Rxh4 {[%emt 0:00:57]} 76. Kd7 {[%emt 0:00:01]} c6 {[%emt 0:02:21]} 77. Rd6+ {[%emt 0:03:21]} Kg5 {[%emt 0:00:12]} 78. e6 {[%emt 0:03:16]} Re4 {[%emt 0:00:25]} 79. e7 {[%emt 0:00:23]} Rxe7+ {[%emt 0:00:17]} 80. Kxe7 {[%emt 0:00:01]} h4 {[%emt 0:00:08]} 81. Ke6 {[%emt 0:00:15]} h3 {[%emt 0:00:55]} 82. Ke5 {[%emt 0:00:14]} Kg4 {[%emt 0:00:27]} 83. Ke4 {[%emt 0:00:28]} h2 {[%emt 0:00:46]} 84. Rh6 {[%emt 0:00:38]} Kg3 {[%emt 0:00:06]} 85. Ke3 {[%emt 0:00:12]} Kg2 {[%emt 0:00:10]} 86. Rg6+ {[%emt 0:00:07]} Kf1 {[%emt 0:00:20]} 87. Rxc6 {[%emt 0:01:00]} h1=Q {[%emt 0:00:09]} 88. Rc1+ {[%emt 0:00:02]} Kg2 {[%emt 0:00:06]} 89. Rxh1 {[%emt 0:00:01]} Kxh1 1/2-1/2

[Event "XXXIX Benasque Open 2019"]
[Site "Benasque"]
[Date "2019.07.05"]
[Round "2.4"]
[White "Ter-Sahakyan, Samvel"]
[Black "Lucas Vega, Ivan"]
[Result "1-0"]
[WhiteElo "2625"]
[BlackElo "2196"]
[Annotator "RC"]
[PlyCount "65"]
[EventDate "2019.07.04"]
[EventType "swiss"]
[EventCountry "ESP"]
[SourceTitle "playchess.com"]
[Source "ChessBase"]
[SourceQuality "1"]
[TimeControl "5400+30"]

1. d4 {[%emt 0:00:00]} d5 {[%emt 0:00:00]} 2. c4 {[%emt 0:00:00]} e6 {[%emt 0:00:00]} 3. Nc3 {[%emt 0:00:02]} Nf6 {[%emt 0:00:00]} 4. Nf3 {[%emt 0:00:43]} Be7 {[%emt 0:00:33]} 5. Bf4 {[%emt 0:01:11]} O-O {[%emt 0:01:22]} 6. e3 {[%emt 0:00:07]} a6 {[%emt 0:06:45]} 7. a3 {[%emt 0:07:52]} Nbd7 {[%emt 0:08:17]} 8. c5 {[%emt 0:02:58]} Nh5 {[%emt 0:07:57]} 9. Bd3 {[%emt 0:00:44]} Nxf4 {[%emt 0:04:31]} 10. exf4 {[%emt 0:00:05]} Re8 {[%emt 0:13:04]} 11. Qc2 {[%emt 0:03:24]} Nf8 {[%emt 0:00:42]} 12. O-O {[%emt 0:01:58]} c6 {[%emt 0:03:30]} 13. b4 {[%emt 0:01:02]} Qc7 {[%emt 0:01:35]} 14. g3 {[%emt 0:00:21]} g6 {[%emt 0:07:24]} 15. h4 {[%emt 0:02:03]} h5 {[%emt 0:07:47]} 16. Kg2 {[%emt 0:01:16]} Bf6 {[%emt 0:03:02]} 17. Ne5 {[%emt 0:00:43]} Bg7 {[%emt 0:01:44]} 18. a4 {[%emt 0:06:03]} f5 19. b5 Bxe5 {[%emt 0:10:27]} 20. fxe5 {[%emt 0:01:35]} axb5 {[%emt 0:02:09]} 21. axb5 {[%emt 0:00:08]} Bd7 {[%emt 0:00:51]} 22. b6 {[%emt 0:00:28]} Qb8 {[%emt 0:01:15]} 23. Qd2 {[%emt 0:00:27]} Kg7 {[%emt 0:01:16]} 24. Ne2 {[%emt 0:01:07]} Rxa1 {[%emt 0:02:26]} 25. Rxa1 {[%emt 0:00:06]} Qd8 {[%emt 0:01:10]} 26. Qg5 {[%emt 0:05:18]} Qxg5 {[%emt 0:04:17]} 27. hxg5 {[%emt 0:00:05]} Nh7 {[%emt 0:05:24]} 28. Ra7 {[%emt 0:01:11]} Rb8 {[%emt 0:02:15]} 29. f4 {[%emt 0:00:19]} Nf8 {[%emt 0:01:34]} 30. Nc1 {[%emt 0:00:36]} Bc8 {[%emt 0:01:29]} 31. Nb3 {[%emt 0:00:13]} Kf7 {[%emt 0:01:16]} 32. Na5 {[%emt 0:00:26]} Nd7 {[%emt 0:01:25]} 33. Ba6 {[%emt 0:01:23]} 1-0

[Event "XXXIX Benasque Open 2019"]
[Site "Benasque"]
[Date "2019.07.05"]
[Round "2.5"]
[White "Prraneeth Vuppala"]
[Black "Deac, Bogdan-Daniel"]
[Result "0-1"]
[WhiteElo "2201"]
[BlackElo "2621"]
[Annotator "RC"]
[PlyCount "76"]
[EventDate "2019.07.04"]
[EventType "swiss"]
[EventCountry "ESP"]
[SourceTitle "playchess.com"]
[Source "ChessBase"]
[SourceQuality "1"]
[TimeControl "5400+30"]

1. d4 {[%emt 0:00:00]} Nf6 {[%emt 0:00:00]} 2. c4 {[%emt 0:00:00]} e6 {[%emt 0:00:07]} 3. g3 {[%emt 0:00:00]} c5 {[%emt 0:00:11]} 4. d5 {[%emt 0:00:00]} exd5 {[%emt 0:00:09]} 5. cxd5 {[%emt 0:00:00]} d6 {[%emt 0:00:08]} 6. Nc3 {[%emt 0:00:00]} g6 {[%emt 0:00:08]} 7. Bg2 {[%emt 0:00:00]} Bg7 {[%emt 0:00:11]} 8. Nf3 {[%emt 0:00:00]} O-O {[%emt 0:00:12]} 9. O-O {[%emt 0:00:00]} Re8 {[%emt 0:00:09]} 10. Bf4 {[%emt 0:00:00]} h6 {[%emt 0:00:11]} 11. Qc1 {[%emt 0:21:12]} g5 {[%emt 0:00:05]} 12. Be3 {[%emt 0:00:28]} Bf5 {[%emt 0:00:21]} 13. h4 {[%emt 0:19:47]} g4 {[%emt 0:00:03]} 14. Nd2 {[%emt 0:04:47]} Rxe3 {[%emt 0:06:02]} 15. fxe3 {[%emt 0:00:02]} Bg6 {[%emt 0:00:01]} 16. Nc4 {[%emt 0:17:23]} Nh5 {[%emt 0:03:31]} 17. Qe1 {[%emt 0:00:20]} Na6 {[%emt 0:18:03]} 18. e4 {[%emt 0:19:20]} Qe7 {[%emt 0:00:30]} 19. e5 Bxe5 20. Nxe5 {[%emt 0:01:00]} Qxe5 {[%emt 0:00:12]} 21. Kh2 {[%emt 0:01:17]} Nb4 {[%emt 0:00:10]} 22. Rc1 {[%emt 0:02:49]} Nc2 {[%emt 0:01:08]} 23. Rxc2 {[%emt 0:03:15]} Bxc2 {[%emt 0:00:04]} 24. e4 {[%emt 0:00:05]} Re8 {[%emt 0:00:50]} 25. Qf2 {[%emt 0:09:44]} Re7 {[%emt 0:00:10]} 26. Qxc2 {[%emt 0:00:25]} Nxg3 {[%emt 0:00:12]} 27. Re1 {[%emt 0:00:13]} Nxe4+ {[%emt 0:04:29]} 28. Kg1 {[%emt 0:00:11]} Qd4+ {[%emt 0:00:13]} 29. Kh2 {[%emt 0:00:14]} g3+ {[%emt 0:00:19]} 30. Kh3 {[%emt 0:00:06]} Nf2+ {[%emt 0:01:38]} 31. Kxg3 {[%emt 0:00:03]} Qg4+ {[%emt 0:00:18]} 32. Kxf2 {[%emt 0:00:35]} Qxh4+ {[%emt 0:00:07]} 33. Kf3 {[%emt 0:01:49]} Qxe1 {[%emt 0:00:34]} 34. Ne2 {[%emt 0:00:42]} Re5 {[%emt 0:01:42]} 35. Qd3 {[%emt 0:00:49]} Qh4 {[%emt 0:00:38]} 36. Nf4 {[%emt 0:00:40]} Rg5 {[%emt 0:00:30]} 37. Qe4 {[%emt 0:00:38]} Qg3+ {[%emt 0:00:18]} 38. Ke2 {[%emt 0:00:02]} Re5 {[%emt 0:00:08]} 0-1

[Event "XXXIX Benasque Open 2019"]
[Site "Benasque"]
[Date "2019.07.05"]
[Round "2.6"]
[White "Indjic, Aleksandar"]
[Black "Alvarez Nistal, David"]
[Result "1-0"]
[WhiteElo "2604"]
[BlackElo "2189"]
[Annotator "RC"]
[PlyCount "87"]
[EventDate "2019.07.04"]
[EventType "swiss"]
[EventCountry "ESP"]
[SourceTitle "playchess.com"]
[Source "ChessBase"]
[SourceQuality "1"]
[TimeControl "5400+30"]

1. Nf3 {[%emt 0:02:00]} d5 {[%emt 0:00:00]} 2. g3 {[%emt 0:00:53]} Nf6 {[%emt 0:00:23]} 3. Bg2 {[%emt 0:00:13]} c6 {[%emt 0:00:39]} 4. d3 {[%emt 0:00:14]} Bg4 {[%emt 0:01:07]} 5. h3 {[%emt 0:00:11]} Bh5 {[%emt 0:02:36]} 6. g4 {[%emt 0:00:58]} Bg6 {[%emt 0:00:24]} 7. Nh4 {[%emt 0:00:08]} e6 {[%emt 0:15:49]} 8. Nd2 {[%emt 0:00:46]} Nfd7 {[%emt 0:03:25]} 9. Nxg6 {[%emt 0:07:31]} hxg6 {[%emt 0:00:11]} 10. e4 {[%emt 0:09:49]} Be7 {[%emt 0:13:43]} 11. O-O {[%emt 0:05:03]} dxe4 {[%emt 0:09:01]} 12. Nxe4 {[%emt 0:01:42]} Nf6 {[%emt 0:07:29]} 13. Ng3 {[%emt 0:02:18]} Qc7 {[%emt 0:03:28]} 14. Rb1 {[%emt 0:02:14]} a5 {[%emt 0:09:15]} 15. c4 Nbd7 {[%emt 0:03:36]} 16. d4 {[%emt 0:03:47]} Bd6 {[%emt 0:03:41]} 17. Qf3 {[%emt 0:03:08]} O-O {[%emt 0:01:18]} 18. g5 {[%emt 0:04:34]} Ne8 {[%emt 0:03:24]} 19. Ne4 {[%emt 0:01:47]} e5 {[%emt 0:03:07]} 20. Be3 {[%emt 0:16:34]} exd4 {[%emt 0:02:35]} 21. Bxd4 {[%emt 0:00:08]} Be5 {[%emt 0:04:36]} 22. Qc3 {[%emt 0:00:10]} c5 {[%emt 0:02:54]} 23. Bxe5 {[%emt 0:00:10]} Qxe5 {[%emt 0:00:46]} 24. Rfd1 {[%emt 0:00:39]} Qxc3 {[%emt 0:01:01]} 25. bxc3 {[%emt 0:00:16]} Ne5 {[%emt 0:00:36]} 26. Rd5 {[%emt 0:03:23]} Nxc4 {[%emt 0:01:25]} 27. Bf1 {[%emt 0:00:39]} Na3 {[%emt 0:01:41]} 28. Rxb7 {[%emt 0:01:16]} Rc8 {[%emt 0:01:30]} 29. Rdd7 {[%emt 0:02:17]} Rc6 {[%emt 0:01:42]} 30. h4 {[%emt 0:03:55]} c4 {[%emt 0:00:28]} 31. Bh3 {[%emt 0:03:04]} Nc2 {[%emt 0:01:11]} 32. Kf1 {[%emt 0:00:26]} a4 {[%emt 0:01:55]} 33. Ke2 {[%emt 0:01:48]} Ra6 {[%emt 0:00:30]} 34. Kd2 {[%emt 0:00:28]} Na3 {[%emt 0:00:32]} 35. Kc1 {[%emt 0:05:23]} Ra5 {[%emt 0:00:11]} 36. f4 {[%emt 0:00:10]} Rb5 {[%emt 0:00:32]} 37. Rxb5 {[%emt 0:02:03]} Nxb5 {[%emt 0:00:06]} 38. Bf1 {[%emt 0:00:05]} Nbc7 {[%emt 0:01:19]} 39. Bxc4 {[%emt 0:00:09]} Ne6 {[%emt 0:00:07]} 40. Bxe6 {[%emt 0:00:51]} fxe6 {[%emt 0:00:06]} 41. Re7 {[%emt 0:00:05]} Kh7 {[%emt 0:01:25]} 42. Kd2 {[%emt 0:01:15]} Rxf4 {[%emt 0:00:25]} 43. Ke3 {[%emt 0:00:08]} Rf8 {[%emt 0:00:45]} 44. c4 {[%emt 0:00:10]} 1-0

[Event "XXXIX Benasque Open 2019"]
[Site "Benasque"]
[Date "2019.07.05"]
[Round "2.7"]
[White "Calvo Simon, Jorge"]
[Black "Martinez Alcantara, Jose Eduardo"]
[Result "0-1"]
[WhiteElo "2192"]
[BlackElo "2601"]
[Annotator "RC"]
[PlyCount "42"]
[EventDate "2019.07.04"]
[EventType "swiss"]
[EventCountry "ESP"]
[SourceTitle "playchess.com"]
[Source "ChessBase"]
[SourceQuality "1"]
[TimeControl "5400+30"]

1. Nf3 {[%emt 0:06:23]} c5 {[%emt 0:00:00]} 2. e4 {[%emt 0:01:50]} d6 {[%emt 0:00:00]} 3. d4 {[%emt 0:00:04]} cxd4 {[%emt 0:00:00]} 4. Nxd4 {[%emt 0:00:06]} Nf6 {[%emt 0:00:00]} 5. Nc3 {[%emt 0:00:08]} a6 {[%emt 0:00:00]} 6. h3 {[%emt 0:00:11]} e5 {[%emt 0:00:00]} 7. Nde2 {[%emt 0:00:12]} h5 {[%emt 0:00:30]} 8. g3 {[%emt 0:07:04]} Be6 {[%emt 0:01:21]} 9. Bg2 {[%emt 0:00:22]} b5 {[%emt 0:06:15]} 10. Bg5 {[%emt 0:06:58]} Nbd7 {[%emt 0:03:42]} 11. O-O {[%emt 0:00:58]} Be7 {[%emt 0:03:10]} 12. a3 {[%emt 0:04:34]} Rc8 {[%emt 0:03:57]} 13. f4 {[%emt 0:06:41]} Qb6+ {[%emt 0:01:52]} 14. Rf2 {[%emt 0:08:45]} Bc4 {[%emt 0:03:17]} 15. Qd2 {[%emt 0:06:31]} d5 {[%emt 0:14:30]} 16. b4 Bxe2 {[%emt 0:15:49]} 17. Bxf6 {[%emt 0:07:50]} Nxf6 {[%emt 0:06:07]} 18. fxe5 {[%emt 0:08:10]} Rxc3 {[%emt 0:02:53]} 19. exf6 {[%emt 0:01:36]} Bxf6 {[%emt 0:01:10]} 20. e5 {[%emt 0:00:11]} Bxe5 {[%emt 0:02:04]} 21. Qxe2 {[%emt 0:01:50]} Re3 {[%emt 0:00:38]} 0-1

[Event "XXXIX Benasque Open 2019"]
[Site "Benasque"]
[Date "2019.07.05"]
[Round "2.8"]
[White "Bartel, Mateusz"]
[Black "Garcia Trobat, Francisco"]
[Result "1-0"]
[WhiteElo "2600"]
[BlackElo "2183"]
[Annotator "RC"]
[PlyCount "123"]
[EventDate "2019.07.04"]
[EventType "swiss"]
[EventCountry "ESP"]
[SourceTitle "playchess.com"]
[Source "ChessBase"]
[SourceQuality "1"]
[TimeControl "5400+30"]

1. d4 {[%emt 0:00:00]} Nf6 {[%emt 0:01:19]} 2. Bg5 {[%emt 0:00:00]} Ne4 {[%emt 0:01:00]} 3. Bf4 {[%emt 0:01:14]} e6 {[%emt 0:00:46]} 4. e3 {[%emt 0:01:48]} Bd6 {[%emt 0:01:10]} 5. Bxd6 {[%emt 0:12:45]} Nxd6 {[%emt 0:01:21]} 6. Nc3 {[%emt 0:02:09]} b6 {[%emt 0:02:32]} 7. Be2 {[%emt 0:01:25]} Bb7 {[%emt 0:00:36]} 8. Bf3 {[%emt 0:01:15]} Nc6 {[%emt 0:00:13]} 9. Nge2 {[%emt 0:07:28]} Qe7 {[%emt 0:03:25]} 10. Nf4 {[%emt 0:02:11]} Nc4 {[%emt 0:11:04]} 11. b3 {[%emt 0:09:45]} Nd6 {[%emt 0:06:25]} 12. Qd2 {[%emt 0:00:03]} a5 {[%emt 0:00:18]} 13. O-O {[%emt 0:01:47]} g5 {[%emt 0:01:43]} 14. Nd3 {[%emt 0:02:09]} O-O-O {[%emt 0:03:08]} 15. d5 {[%emt 0:01:13]} Nb4 {[%emt 0:02:09]} 16. e4 {[%emt 0:01:01]} h5 17. a3 {[%emt 0:23:37]} Nxd3 {[%emt 0:12:54]} 18. Qxd3 {[%emt 0:00:12]} g4 {[%emt 0:00:19]} 19. Be2 {[%emt 0:00:02]} f5 {[%emt 0:00:43]} 20. e5 {[%emt 0:02:14]} Ne4 {[%emt 0:02:19]} 21. d6 {[%emt 0:00:55]} cxd6 {[%emt 0:04:00]} 22. Nxe4 {[%emt 0:05:41]} fxe4 {[%emt 0:01:14]} 23. Qxd6 {[%emt 0:01:38]} Qxd6 {[%emt 0:00:16]} 24. exd6 {[%emt 0:00:05]} Rdf8 {[%emt 0:00:30]} 25. b4 {[%emt 0:00:03]} Rf5 {[%emt 0:01:20]} 26. bxa5 {[%emt 0:03:09]} bxa5 {[%emt 0:00:48]} 27. Rab1 {[%emt 0:01:45]} e3 {[%emt 0:06:03]} 28. fxe3 {[%emt 0:01:03]} Rhf8 {[%emt 0:00:58]} 29. Bd3 {[%emt 0:04:35]} Rxf1+ {[%emt 0:00:14]} 30. Rxf1 {[%emt 0:00:04]} Rxf1+ {[%emt 0:00:09]} 31. Kxf1 {[%emt 0:00:04]} Bc6 {[%emt 0:00:24]} 32. g3 {[%emt 0:01:24]} Kb7 {[%emt 0:03:32]} 33. Ke1 {[%emt 0:00:51]} Bf3 {[%emt 0:01:57]} 34. Bg6 {[%emt 0:00:50]} Kc6 {[%emt 0:00:22]} 35. Bxh5 {[%emt 0:00:08]} Kxd6 {[%emt 0:00:07]} 36. h4 {[%emt 0:01:38]} Ke5 {[%emt 0:07:48]} 37. Bg6 {[%emt 0:00:29]} Kf6 {[%emt 0:02:03]} 38. Bd3 {[%emt 0:00:04]} d5 {[%emt 0:01:45]} 39. Be2 {[%emt 0:01:29]} e5 {[%emt 0:02:08]} 40. Kf2 {[%emt 0:00:04]} Be4 {[%emt 0:01:00]} 41. c4 {[%emt 0:05:21]} dxc4 {[%emt 0:02:17]} 42. Bxc4 {[%emt 0:00:02]} Bg6 {[%emt 0:01:28]} 43. Ke2 {[%emt 0:00:03]} Ke7 {[%emt 0:02:26]} 44. Kd2 {[%emt 0:00:02]} Kd6 {[%emt 0:00:07]} 45. Kc3 {[%emt 0:00:37]} Kc5 {[%emt 0:00:42]} 46. Be6 {[%emt 0:00:07]} Bh5 {[%emt 0:00:17]} 47. Bf5 {[%emt 0:00:03]} Kb5 {[%emt 0:00:49]} 48. Bd7+ {[%emt 0:04:51]} Kc5 {[%emt 0:00:05]} 49. Kd3 {[%emt 0:00:10]} Bg6+ {[%emt 0:00:30]} 50. Kd2 {[%emt 0:00:11]} Bh5 {[%emt 0:00:14]} 51. Kc3 {[%emt 0:00:02]} Kd6 {[%emt 0:01:15]} 52. Bf5 {[%emt 0:00:30]} Kc5 {[%emt 0:00:53]} 53. Kd3 {[%emt 0:00:10]} Kd5 {[%emt 0:00:44]} 54. Bh7 {[%emt 0:00:14]} Bf7 {[%emt 0:01:04]} 55. Be4+ {[%emt 0:00:06]} Kc5 {[%emt 0:01:10]} 56. Bf5 {[%emt 0:00:06]} Bh5 {[%emt 0:00:40]} 57. Ke4 {[%emt 0:00:02]} Kd6 {[%emt 0:00:33]} 58. Bh7 {[%emt 0:00:05]} Ke6 {[%emt 0:00:17]} 59. Bg8+ {[%emt 0:00:07]} Kf6 {[%emt 0:00:35]} 60. Kd5 {[%emt 0:00:10]} Kf5 {[%emt 0:02:53]} 61. Be6+ {[%emt 0:00:18]} Kf6 {[%emt 0:00:02]} 62. Kd6 {[%emt 0:00:07]} 1-0